Die homiletischen und hagiographischen Handschriften des Stadtarchivs Köln / 1 Handschriften der Gymnasialbibliothek

Saved in:  
Bibliographic Details
Main Author: Vennebusch, Joachim (Author)
Format: Print Book
Language:German
Subito Delivery Service: Order now.
Check availability: HBZ Gateway
WorldCat: WorldCat
Interlibrary Loan:Interlibrary Loan for the Fachinformationsdienste (Specialized Information Services in Germany)
Published: Köln Weimar Böhlau 1993
In: Die homiletischen und hagiographischen Handschriften des Stadtarchivs Köln
Year: 1993
Reviews:[Rezension von: Vennebusch, Joachim, Die homiletischen und hagiographischen Handschriften des Stadtarchivs Koln] (1994) (Jutte, Robert)
Series/Journal:Mitteilungen aus dem Stadtarchiv von Köln / Sonderreihe 6

MARC

LEADER 00000cam a2200000 cc4500
001 1109210558
003 DE-627
005 20240430201107.0
007 tu
008 940527s1993 xx ||||| 00| ||ger c
020 |a 3412010936  |9 3-412-01093-6 
035 |a (DE-627)1109210558 
035 |a (DE-576)039210553 
035 |a (DE-599)BSZ039210553 
035 |a (OCoLC)311880623 
040 |a DE-627  |b ger  |c DE-627  |e rakwb 
041 |a ger 
084 |a 1  |2 ssgn 
084 |a AM 83404  |2 rvk  |0 (DE-625)rvk/5001: 
100 1 |a Vennebusch, Joachim  |4 aut 
245 1 4 |a Die homiletischen und hagiographischen Handschriften des Stadtarchivs Köln  |n 1  |p Handschriften der Gymnasialbibliothek  |c beschr. von Joachim Vennebusch 
264 1 |a Köln  |a Weimar  |b Böhlau  |c 1993 
300 |a XVI, 336 S 
336 |a Text  |b txt  |2 rdacontent 
337 |a ohne Hilfsmittel zu benutzen  |b n  |2 rdamedia 
338 |a Band  |b nc  |2 rdacarrier 
490 1 |a Mitteilungen aus dem Stadtarchiv von Köln  |a Sonderreihe, Die Handschriften des Archivs  |v 6 
583 1 |a Archivierung/Langzeitarchivierung gewährleistet  |f SSG  |x XA-DE-BW  |2 pdager  |5 DE-21 
601 |a Homiletik 
601 |a Handschrift 
601 |a Gymnasialbibliothek 
773 1 8 |a Die homiletischen und hagiographischen Handschriften des Stadtarchivs Köln  |w (DE-627)1109210329  |w (DE-576)039210324  |g 1  |q 1  |7 nnam 
787 0 8 |i Rezensiert in  |a Jutte, Robert  |t [Rezension von: Vennebusch, Joachim, Die homiletischen und hagiographischen Handschriften des Stadtarchivs Koln]  |d 1994  |w (DE-627)1802343121 
830 0 |a Mitteilungen aus dem Stadtarchiv von Köln / Sonderreihe  |v 6  |9 6  |w (DE-627)166498718  |w (DE-576)01488495X  |w (DE-600)206142-9  |7 am 
935 |a mteo 
936 r v |a AM 83404  |b Historisches Archiv der Stadt Köln  |k Allgemeines  |k Schrift und Handschriftenkunde. Schriftarten und Schreiben  |k Handschriftenkunde  |k Handschriftenkataloge  |k Handschriftenkataloge nach Autoren und Standorten  |k Kataloge einzelner Bibliotheken, Archive und Museen  |k Orte K  |k Köln  |k Historisches Archiv der Stadt Köln  |0 (DE-627)1270670638  |0 (DE-625)rvk/5001:  |0 (DE-576)200670638 
951 |a MV 
ELC |b 1 
ITA |a 1  |t 1 
LOK |0 000 xxxxxcx a22 zn 4500 
LOK |0 001 2231048051 
LOK |0 003 DE-627 
LOK |0 004 1109210558 
LOK |0 005 20020413000000 
LOK |0 008 940928||||||||||||||||ger||||||| 
LOK |0 040   |a DE-21  |c DE-627  |d DE-21 
LOK |0 852   |a DE-21 
LOK |0 852 1  |c 34 A 9066-1  |9 00 
LOK |0 935   |a theo 
LOK |0 939   |a 28-09-94  |b l01 
ORI |a SA-MARC-ixtheoa001.raw